Statistics for Johnny's Geography #6

Click here to take the quiz!

General Stats

  • This quiz has been taken 741 times
  • The average score is 17 of 20

Answer Stats

HintAnswer% Correct
What is the capital of Germany?Berlin
99%
Which country is known as España in its native language?Spain
99%
Siberia is a region in which country?Russia
98%
Google.com.au is the google site for which country?Australia
95%
The Crêpe is associated with which country?France
94%
The Parthenon is located in which city?Athens
93%
What is the English name for Côte d'Ivoire?Ivory Coast
90%
Which type of pizza features pineapple and ham?Hawaiian
89%
What famous monument is located in Agra, India?Taj Mahal
88%
Sichuan is a region known for spicy food in which country?China
85%
Mount Kilimanjaro is located in which country?Tanzania
83%
When Garfield would ship Odie to Abu Dhabi, to which country was he sending Odie?United Arab Emirates
83%
Red Square is located in which city?Moscow
82%
Corona is a beer brand from which country?Mexico
80%
What is the largest city in Belarus?Minsk
78%
Gangnam is a district in which city?Seoul
77%
The University of Texas is located in which city?Austin
76%
A Venti coffee contains how many ounces of coffee?20
67%
British Honduras is now known as which country?Belize
62%
Half Dome is a part of which American national park?Yosemite
50%

Score Distribution

Percentile by Number Answered

Percent of People with Each Score

Your Score History

You have not taken this quiz